|
|
|
|
| LEADER |
01186nam a2200349 a 4500 |
| 001 |
000564719 |
| 003 |
CZ BrMZK |
| 005 |
20090630142532.0 |
| 007 |
ta |
| 008 |
010907s2001 xr e fl cze d |
| 015 |
|
|
|a cnb001003834
|
| 020 |
|
|
|a 80-7273-046-0
|
| 035 |
|
|
|a (OCoLC)50346868
|
| 040 |
|
|
|a BOA001
|b cze
|
| 043 |
|
|
|a e-xr---
|
| 072 |
|
7 |
|a 351
|x Úkoly veřejné správy, správní opatření, legislativa
|2 Konspekt
|9 15
|
| 080 |
|
|
|a 351.712
|2 MRF
|
| 080 |
|
|
|a (437.3)
|2 MRF
|
| 080 |
|
|
|a (035)
|2 MRF
|
| 080 |
|
|
|a (094.5)
|2 MRF
|
| 100 |
1 |
|
|a Sechterová, Jaroslava,
|d 1951-
|7 ola2003188681
|4 aut
|
| 245 |
1 |
0 |
|a Průvodce zákonem o zadávání veřejných zakázek včetně úplného znění zákona /
|c Jaroslava Sechterová
|
| 250 |
|
|
|a 2. aktualiz. vyd.
|
| 260 |
|
|
|a Praha :
|b Polygon,
|c 2001
|
| 300 |
|
|
|a 109 s. ;
|c 21 cm
|
| 504 |
|
|
|a Obsahuje bibliografické odkazy
|
| 650 |
0 |
7 |
|a veřejné zakázky
|7 ph127085
|z Česko
|2 czenas
|
| 655 |
|
7 |
|a příručky
|7 fd133209
|2 czenas
|
| 655 |
|
7 |
|a zákony
|7 fd133886
|2 czenas
|
| 910 |
|
|
|a BOA001
|b 2-1087.328
|
| 990 |
|
|
|a BK
|
| 996 |
6 |
|
|b 2610137734
|c 2-1087.328
|l MZK
|r Sklad / do 1 hodiny
|n 1
|p p.v.
|w 000564719
|u 000010
|a 1
|e BOA001
|j MZK50
|s P
|